|
|
|
|
| LEADER |
00000nam0a2200000 4500 |
| 001 |
122695 |
| 005 |
20231031130131.0 |
| 010 |
|
|
|a 5229003677
|
| 020 |
|
|
|a RU
|b 89-82217
|
| 035 |
|
|
|a (RuTPU)RU\TPU\book\132834
|
| 090 |
|
|
|a 122695
|
| 100 |
|
|
|a 20071006d1989 km y0rusy5003 ca
|
| 101 |
1 |
|
|a rus
|c ger
|
| 102 |
|
|
|a RU
|
| 105 |
|
|
|a a z 001zy
|
| 200 |
1 |
|
|a Улучшение механических свойств конструкционных сталей
|e опыт металлургов ГДР
|e сборник статей
|e пер. с нем.
|
| 210 |
|
|
|a Москва
|c Металлургия
|d 1989
|
| 215 |
|
|
|a 183,[1] с.
|c ил.
|
| 320 |
|
|
|a Библиогр. в конце ст.
|
| 610 |
0 |
|
|a сталь конструкционная
|
| 610 |
0 |
|
|a металлургия
|
| 610 |
0 |
|
|a физико-механические свойства
|
| 610 |
0 |
|
|a зарубежный опыт
|
| 610 |
0 |
|
|a прочность
|
| 610 |
0 |
|
|a свариваемость
|
| 610 |
0 |
|
|a разрушение
|
| 675 |
|
|
|a 669.14.018.2
|z rus
|
| 801 |
|
0 |
|a RU
|b RuMRKP
|c 19950417
|g psbo
|
| 801 |
|
1 |
|a RU
|b 63413507
|c 20071006
|g PSBO
|
| 801 |
|
2 |
|a RU
|b 63413507
|c 20080924
|g PSBO
|
| 942 |
|
|
|c BK
|